=LDR 00000nam 2200000 4500 =001 INLIS000000000038928 =005 20130612144603 =008 ***********************************ind** =035 ##$$0010-061300000038928 =041 ##$$a ind =082 ##$$a 615.321 =090 ##$$a 615.321, Har p =100 ##$$a HARMANTO, Ning =245 ##$$a Pilih jamu dan herbal tanpa efek samping/Ning harmanto, M. ahkam subroto =260 ##$$a 2007 $b Jakarta =300 ##$$a Xiv,129 Hlm, ilus, 21 cm =650 ##$$a JAMU-OBAT HERBAL =700 ##$$a SUBROTO, M. Ahkam =850 ##$$a NBPNMAT =990 ##$$a 0001/BPAP-NTB/2016